Municipios españoles más poblados que comienzan con O - Estadísticas

Estadísticas generales
  • Esta prueba ha sido intentada 585 veces
    181 desde el último reinicio
  • La puntuación promedio es 7 de 20
Estadísticas de respuestas
Población Municipio Comunidad % Correcto
217.369 Oviedo Asturias
98%
104.187 Ourense Galicia
95%
38.003 Olot Cataluña
52%
83.348 Orihuela Com. Valenciana
52%
10.883 O {Grove} Galicia
42%
20.546 O {Porriño} Galicia
41%
25.813 Onda Com. Valenciana
38%
36.319 Ontinyent Com. Valenciana
35%
26.270 Oliva Com. Valenciana
33%
37.831 Oleiros Galicia
31%
11.594 Oropesa Com. Valenciana
30%
13.961 O {Carballiño} Galicia
26%
17.418 Osuna Andalucía
26%
13.268 O {Barco de Valdeorras} Galicia
22%
11.765 Olivenza Extremadura
22%
14.146 Ocaña Castilla-La Mancha
21%
24.458 Olesa de Montserrat Cataluña
12%
12.663 Ordes Galicia
9%
11.549 Oñati País Vasco
8%
14.805 Ogíjares Andalucía
5%
No se encontraron pruebas coincidentes
Distribución de puntuación
Porcentaje de gente con cada puntuación
Porcentaje por número respondido
Historial de tus puntuaciones
No has intentado esta prueba desde el último reinicio